Education trends in perspective analysis of the world education indicators

Salvato in:
Dettagli Bibliografici
Ente Autore: UNESCO/OECD World Education Indicators Programme
Natura: Libro
Lingua:inglese
Pubblicazione: Montreal UNESCO Institute for Statistics 2005
Edizione:2005 ed.
Soggetti:
Tags: Aggiungi Tag
Nessun Tag, puoi essere il primo ad aggiungerne!!

MARC

LEADER 00000nam$a2200000$$$4500
001 0040271
005 20221129082526.9
020 |a 92-64-01360-1 
041 0 |a eng 
044 |a FR 
245 1 0 |a Education trends in perspective  |b analysis of the world education indicators 
250 |a 2005 ed. 
264 1 |a Montreal  |b UNESCO Institute for Statistics  |c 2005 
300 |a 228 s. 
610 2 0 |a vzdelávanie 
610 2 0 |a vzdelanie 
610 2 0 |a sústava výchovno-vzdelávacia 
610 2 0 |a ukazovatele 
610 2 0 |a demografia 
610 2 0 |a populácia 
610 2 0 |a údaje štatistické medzinárodné 
610 2 0 |a porovnanie medzinárodné 
710 2 |a UNESCO/OECD World Education Indicators Programme